| 000 | 00853cam a2200265 a 4500 | ||
|---|---|---|---|
| 001 | 000005520 | ||
| 005 | 20200929151710.0 | ||
| 008 | 920819s1992 sp a b 000 1 spa d | ||
| 020 | _a8437607604 | ||
| 040 |
_aDO-SdBNP _bspa _cBNPHU |
||
| 082 |
_a863.6 _bJ37p, 1992 |
||
| 100 | 1 |
_aJardiel Poncela, Enrique, _d1901-1952. _915030 |
|
| 245 | 1 | 0 |
_aPero... ¿hubo alguna vez once mil vírgenes? / _cEnrique Jardiel Poncela ; edición de Luis Alemany. |
| 250 | _a2a ed. | ||
| 260 |
_aMadrid : _bCátedra, _c1992. |
||
| 300 |
_a538 p. : _bil. ; _c18 cm. |
||
| 490 | 1 |
_aLetras hispánicas _v275 |
|
| 504 | _aBibliografía : p. 61-63. | ||
| 650 | 4 |
_aNovela española _91123 |
|
| 650 | 4 |
_aLiteratura española _9632 |
|
| 700 | 1 |
_aAlemany, Luis, _d1944- _915626 |
|
| 830 | 0 |
_aLetras hispánicas ; _v275 _94208 |
|
| 910 | _aCatalogación derivada | ||
| 910 | _aWM | ||
| 999 |
_c5319 _d5319 |
||